[Event "London Classic op"]
[Site "London"]
[Date "2011.12.03"]
[Round "1"]
[White "Caorlin, Marco"]
[Black "White, Michael JR"]
[Result "0-1"]
[WhiteElo "1884"]
[BlackElo "2214"]
[PlyCount "66"]
[EventDate "2011.12.03"]
[EventType "swiss"]
[EventRounds "9"]
[EventCountry "ENG"]
[SourceTitle "CBM 145 Extra"]
[Source "ChessBase"]
[SourceDate "2012.01.03"]
[SourceVersion "1"]
[SourceVersionDate "2012.01.03"]
[SourceQuality "1"]

1. e4 c5 2. Nc3 Nc6 3. Nf3 Nf6 4. Bb5 g6 5. e5 Ng4 6. Bxc6 dxc6 7. h3 Nh6 8. 0-0 Nf5 9. Re1 Bg7 10. d3 0-0 11. Bf4 Nd4 12. Ne4 Qb6 13. Rb1 Be6 14. b4 cxb4 15. c3 Nxf3+ 16. Qxf3 a5 17. Be3 Qc7 18. cxb4 axb4 19. Rxb4 Rxa2 20. Ng5 Bd5 21. Qg4 Bxe5 22. Qh4 h5 23. Bf4 Bxf4 24. Rxf4 f6 25. Ne4 Kg7 26. Rf3 Qe5 27. Rfe3 Ra1 28. Rxa1 Qxa1+ 29. Kh2 e6 30. Nc5 e5 31. Nxb7 Qa3 32. Qg3 Kf7 33. d4 Qb4 0-1

[Event "London Classic op"]
[Site "London"]
[Date "2010.12.12"]
[Round "5"]
[White "Caorlin, Marco"]
[Black "McKenna, John R"]
[Result "0-1"]
[WhiteElo "1849"]
[BlackElo "1669"]
[PlyCount "100"]
[EventDate "2010.12.08"]
[EventType "swiss"]
[EventRounds "9"]
[EventCountry "ENG"]
[SourceTitle "CBM 139 Extra"]
[Source "ChessBase"]
[SourceDate "2011.01.05"]
[SourceVersion "1"]
[SourceVersionDate "2011.01.05"]
[SourceQuality "1"]

1. e4 c6 2. d4 d5 3. Nc3 g6 4. Bd3 Bg7 5. Nge2 e6 6. 0-0 Nd7 7. f4 Ne7 8. f5 dxe4 9. Nxe4 exf5 10. Nd6+ Kf8 11. Bc4 Nd5 12. Bb3 N7b6 13. Nc4 Nxc4 14. Bxc4 Be6 15. Bb3 h6 16. c3 Kg8 17. Bc2 Qe7 18. Re1 Kh7 19. Qd3 Rhe8 20. Bd2 Rad8 21. Nf4 Qc7 22. Nxd5 Bxd5 23. Qh3 Be4 24. Bb3 Re7 25. Re2 Rde8 26. Rae1 a6 27. Qh4 f6 28. Re3 Bd5 29. Bxd5 cxd5 30. Qf2 Re4 31. g3 Qe7 32. Kf1 h5 33. R3e2 Qc7 34. Bf4 Qc4 35. a3 b5 36. Bc1 Qd3 37. Bf4 a5 38. Bc1 Bf8 39. Bf4 b4 40. axb4 axb4 41. Bd2 bxc3 42. bxc3 Bh6 43. Bxh6 Kxh6 44. h3 Qxc3 45. Rxe4 Rxe4 46. Rxe4 dxe4 47. Ke2 Qc2+ 48. Ke1 Qxf2+ 49. Kxf2 Kg7 50. Ke3 Kf7 0-1

[Event "Paris-ch op-B"]
[Site "Paris"]
[Date "2010.07.04"]
[Round "1"]
[White "Caorlin, Marco"]
[Black "De Castet, Antoine"]
[Result "1-0"]
[WhiteElo "1890"]
[BlackElo "1662"]
[PlyCount "83"]
[EventDate "2010.07.03"]
[EventType "swiss"]
[EventRounds "9"]
[EventCountry "FRA"]
[SourceTitle "CBM 137 Extra"]
[Source "ChessBase"]
[SourceDate "2010.09.01"]
[SourceVersion "1"]
[SourceVersionDate "2010.09.01"]
[SourceQuality "1"]

1. e4 e6 2. Nf3 d5 3. Nc3 d4 4. Ne2 c5 5. c3 dxc3 6. Nxc3 Nf6 7. Bc4 Be7 8. 0-0 0-0 9. d4 cxd4 10. Nxd4 Qb6 11. Nb3 Nc6 12. Qe2 Ne5 13. Be3 Qc7 14. Bd3 a6 15. Rac1 Nxd3 16. Qxd3 Rd8 17. Qe2 Qe5 18. f3 Bd7 19. Rfd1 Bc6 20. Bb6 Rd7 21. Rxd7 Nxd7 22. Bf2 Rd8 23. Nd4 Rc8 24. Nxc6 Rxc6 25. Bg3 Qa5 26. Rd1 Ne5 27. Bxe5 Qxe5 28. Rd7 Rc7 29. Qd1 g6 30. Kf1 Qxh2 31. Qd4 e5 32. Qd5 Qh1+ 33. Kf2 Bc5+ 34. Kg3 Rxd7 35. Qxd7 g5 36. Qd8+ Bf8 37. Qxg5+ Bg7 38. Qd8+ Bf8 39. Nd5 Qe1+ 40. Kg4 Kg7 41. Qg5+ Kh8 42. Qxe5+ 1-0

[Event "Geneve op 26th"]
[Site "Geneve"]
[Date "2009.12.28"]
[Round "4"]
[White "Caorlin, Marco"]
[Black "Vartsaba, Alexander"]
[Result "0-1"]
[WhiteElo "1887"]
[BlackElo "2091"]
[PlyCount "52"]
[EventDate "2009.12.26"]
[EventType "swiss"]
[EventRounds "7"]
[EventCountry "SUI"]
[SourceTitle "EXT 2011"]
[Source "ChessBase"]
[SourceDate "2010.11.26"]
[SourceVersion "1"]
[SourceVersionDate "2010.11.26"]
[SourceQuality "1"]

1. e4 g6 2. d4 Bg7 3. Nc3 c5 4. Nf3 cxd4 5. Nxd4 Nc6 6. Be3 d6 7. Qd2 Nf6 8. f3 Bd7 9. 0-0-0 0-0 10. h4 a6 11. h5 Nxh5 12. Nxc6 Bxc6 13. Bh6 e5 14. Bxg7 Kxg7 15. g4 Nf4 16. Qf2 h5 17. gxh5 Nxh5 18. Bc4 Rh8 19. Qd2 Rc8 20. Bb3 Qf6 21. Qxd6 Qxd6 22. Rxd6 Nf4 23. Rdd1 Rh5 24. Rxh5 gxh5 25. Rg1+ Kf6 26. Nd5+ Bxd5 0-1